01019cam a22002531 45000010005000000030008000050050017000130080039000300350018000690350019000870400035001060410008001410820019001491000030001682450116001982600051003143000024003655040031003896500033004209420012004539990015004659520149004809520136006292732BD-RjUL20211208233616.0131217r19471945enk b 000 0 eng a(BD-RjUL)2759 a(OCoLC)2611346 aDLCcFU-LdDLCd(BD-RjUL)beng aeng a331.88091bPRI1 aPrice, John,d1901-9877414aThe international labour movement /cIssued under the auspices of the Royal Institute of International Affairs. aLondon,aNew York,bOxford Univ. Pressc[1947] ax, 273 p. ;c23 cm. aBibliographical footnotes. 0aLabor unionsxHistory.98775 2ddccBK c2732d2732 00102ddc40718NFICaRUCLbRUCLcReadingd1955-06-17eAllies Book Cor.g14.00l0o331.88091 PRI 1947r2013-12-17 00:00:00tC-1w2021-12-08yBK 00102ddc40708NFICaRUCLbRUCLcStackd1955-08-01eO.U.Pg10.80l0o331.88091 PRI 1947r2016-09-05 00:00:00tC-3w2016-09-05yBK